| 000 | 00534nam a22001577a 4500 | ||
|---|---|---|---|
| 003 | OSt | ||
| 008 | 260625b |||||||| |||| 00| 0 eng d | ||
| 020 | _a9781786767530 | ||
| 082 |
_a635.0496 _bC69I |
||
| 245 | _aImproving integrated pest management in horticulture/ edited by Rosemary Collier | ||
| 260 |
_aUK: _bClimate smart publishing _c[n.d.] |
||
| 300 | _axxii, 464 p. | ||
| 650 | _a Agriculture and related technologies | Technology (Applied sciences) | India | Horticulture | ||
| 700 | _aCollier, Rosemary | ||
| 942 |
_2ddc _cBK |
||
| 999 |
_c52322 _d52322 |
||